محاسبة المقاولات (بين النظرية و التطبيق) / (رقم التسجيلة. 130142)

تفاصيل مارك
000 -LEADER
fixed length control field 00618nam a22001937a 4500
005 - DATE AND TIME OF LATEST TRANSACTION
control field 20251108175252.0
008 - FIXED-LENGTH DATA ELEMENTS--GENERAL INFORMATION
fixed length control field 250721s2013 xx 000 0 ara d
082 14 - DEWEY DECIMAL CLASSIFICATION NUMBER
Classification number 657.4/طحل
100 1# - MAIN ENTRY--PERSONAL NAME
Personal name الطحلة، حامد داود علي
245 10 - TITLE STATEMENT
Title محاسبة المقاولات (بين النظرية و التطبيق) /
264 1# - PRODUCTION, PUBLICATION, DISTRIBUTION, MANUFACTURE, AND COPYRIGHT NOTICE
Place of production, publication, distribution, manufacture عمان :
Name of producer, publisher, distributor, manufacturer دار اليازوري العلمية للنشر،
Date of production, publication, distribution, manufacture, or copyright notice 2013.
300 ## - PHYSICAL DESCRIPTION
Extent 191ص.
650 17 - SUBJECT ADDED ENTRY--TOPICAL TERM
Topical term or geographic name as entry element المحاسبة
650 17 - SUBJECT ADDED ENTRY--TOPICAL TERM
Topical term or geographic name as entry element التكاليف
650 17 - SUBJECT ADDED ENTRY--TOPICAL TERM
Topical term or geographic name as entry element الانشاءات
700 1# - ADDED ENTRY--PERSONAL NAME
Personal name عبد الله، خالد
942 ## - ADDED ENTRY ELEMENTS (KOHA)
Source of classification or shelving scheme Dewey Decimal Classification
Koha item type كتب
المقتنيات
حالة السحب حالة الفقدان مصدر التصنيف حالة التلف غير قابل للإعارة المكتبة الرئيسية المكتبة الحالية موقع الرف تاريخ التزويد الرقم المتسلسل Total Checkouts رقم الإستدعاء الباركود تاريخ آخر ظهور تاريخ الفاتورة نوع المادة (كوها)
    Dewey Decimal Classification     المكتبة المركزية المكتبة المركزية الإعارة 28/07/2025 1582506   657.4/طحل PLD00306441 28/07/2025 28/07/2025 كتب
    Dewey Decimal Classification     مكتبة أبو علندا العامة مكتبة أبو علندا العامة الإعارة 11/09/2014 1582515   657.4/طحل PLD00306530 28/07/2025 11/09/2014 كتب
    Dewey Decimal Classification     مكتبة أم قصير والمقابلين العامة مكتبة أم قصير والمقابلين العامة الإعارة 11/09/2014 1582512   657.4/طحل PLD00306527 28/07/2025 11/09/2014 كتب
    Dewey Decimal Classification     مكتبة الاميرة بديعة مكتبة الاميرة بديعة الإعارة 11/09/2014 1582510   657.4/طحل PLD00306525 28/07/2025 11/09/2014 كتب
    Dewey Decimal Classification     مكتبة الجويدة مكتبة الجويدة الإعارة 11/09/2014 1582508   657.4/طحل PLD00306523 28/07/2025 11/09/2014 كتب
    Dewey Decimal Classification     مكتبة الحسن العامة مكتبة الحسن العامة الإعارة 11/09/2014 1582509   657.4/طحل PLD00306524 28/07/2025 11/09/2014 كتب
    Dewey Decimal Classification     مكتبة حمزة العامة مكتبة حمزة العامة الإعارة 11/09/2014 1582513   657.4/طحل PLD00306528 28/07/2025 11/09/2014 كتب
    Dewey Decimal Classification     مكتبة وادي السير العامة مكتبة وادي السير العامة الإعارة 11/09/2014 1582514   657.4/طحل PLD00306529 28/07/2025 11/09/2014 كتب
    Dewey Decimal Classification     مكتبةمؤتة مكتبةمؤتة الإعارة 11/09/2014 1582511   657.4/طحل PLD00306526 28/07/2025 11/09/2014 كتب
Implemented & Customized by: BBB with SCIT (Smart Chains for Information Technology)

Powered by Koha